000 00581cam a2200217 i 4500
001 3243699
005 20180228084853.0
008 800122s1980 mnu b 000 0 eng
010 _a 80010136
020 _a0871235625 :
_c$3.95
040 _aDLC
_cDLC
_dDLC
041 _aeng
080 _a248.4 WIL
082 0 0 _a248.4 WIL
100 1 _a49
101 _aSOC
245 1 0 _aTelling yourself the truth /
_cWilliam Backus and Marie Chapian.
504 _aIncludes bibliographical references.
906 _a7
_bcbc
_corignew
_d1
_eocip
_f19
_gy-gencatlg
942 _2ddc
_cBK
999 _c43723
_d43723